000 01539nim a2200373 i 4500
001 197176
003 ES-MaACL
005 20250828062551.0
007 ss lsnjlcipnne
008 290425s1990 sp nnnn |||| 00| spa d
040 _bspa
_cES-MaACL
100 1 _aSábada, Javier,
_d1939-
_9240211
245 0 1 _a¿Vuelve lo libertario?
_h[Grabación sonora] :
_bprimera conferencia del ciclo "El mundo, hoy" /
_cpor Javier Sábada
260 _aMadrid :
_bAteneo de Madrid,
_c1990
300 _a2 casetes (ca. 180 min) :
_bson. ;
_c11 cm
490 1 _3Actos culturales en el Ateneo de Madrid
518 _aGrabado el 19 de marzo de 1990 en el Salón de Actos del Ateneo de Madrid.
520 _aConferencia enmarcada dentro del ciclo "El mundo, hoy" que abarca los días 19 y 29 de marzo, 2, 5 y 16 de junio.
540 _aDocumento inédito
594 _5Datos basados en la invitación.
610 2 0 _aAteneo de Madrid-
_xActos culturales-
_y1990-
_vGrabaciones sonoras
_9240083
650 4 _914400
_aLibertad
653 _aArchivo de la palabra
655 0 _aConferencias
_9234444
700 1 _aIglesias Bellas, Francisco
_9240208
_epres
700 _aCasado González, Eduardo
_9240209
_emod
710 2 _aAteneo de Madrid.
_ehis
_91992
_bSección de Filosofía
830 0 _aActos culturales en el Ateneo de Madrid
_9240237
852 _aES-MaACL
_cDEPOZ
_pCinta 1
_9205227
852 _aES-MaACL
_cDEPOZ
_pCinta 2
_9205228
942 _2udc
_n0
_cCINTASAUD
999 _c197176
_d197176